000 00588nam a2200241 a 4500
001 nice12345678
003 IN_TiNIC
005 20260116011323.0
008 050524s1933 wasa grp 000 0 eng
020 _a
_c100
082 0 0 _a201
_bSCH
100 _aSchaff, David S
245 _aCardinal Bellarmine-Now Saint and Doctor of the Church
260 _aWashington
_bD C
_c1933
300 _a17p
500 _aincludes index and biblioraphy
505 2 _aindex
650 _aChristian-Biography
700 1 _aSchaff, David S
902 _bSRS
942 _cBK
999 _c482
_d482